First line of The Cranberries songs - Statistics

General Stats
  • This quiz has been taken 7 times
  • The average score is 4 of 30
Answer Stats
First line Song % Correct
Another head hangs lowly Zombie
100%
If you, if you could return Linger
83%
Oh, my life Dreams
67%
Understand the things I say Ode to my Family
50%
Hold onto love When You're Gone
33%
Suddenly, something has happened to me Animal Instinct
17%
I've got a picture in my head, in my head Hollywood
17%
There was a game we used to play Just my Imagination
17%
Twister, oh, does anyone see through you? Ridiculous Thoughts
17%
To all those people doing lines Salvation
17%
Oh, do you know Sunday
17%
Close your eyes, close your eyes Analyse
0%
Holdin' on, that's what I do, since I met you Daffodil Lament
0%
All the things you said to me today Dreaming my Dreams
0%
Something has left my life Empty
0%
How to be unfaithful Fire & Soul
0%
It's not worth anything more than this at all Free to Decide
0%
Lying in my bed again I Can't be with You
0%
Ain't it strange In the End
0%
Come in to bed Losing my Mind
0%
You'd better believe I'm comin' Promises
0%
I seen it all Raining in my Heart
0%
Show me to the end of the night Show Me
0%
Here is a story So Cold in Ireland
0%
The stars are bright tonight Stars
0%
I never had a friend like you This is the Day
0%
We better think about the things we say Time is Ticking Out
0%
I think that you're mad Tomorrow
0%
Somewhere in between here and heaven Why?
0%
I'm not going out tonight You and Me
0%
No matching quizzes found
Score Distribution
Percent of People with Each Score
Percentile by Number Answered
Your Score History
You have not taken this quiz